Movie Pictures Starting with N - Statistics

General Stats
  • This quiz has been taken 96 times
  • The average score is 12 of 28
Answer Stats
Picture Answer % Correct
Night at the Museum
83%
Nightmare on Elm Street
78%
Nightmare Before Christmas
77%
Nanny McPhee
71%
No Country for Old Men
68%
Notting Hill
63%
Nosferatu
62%
Napoleon Dynamite
60%
The Nun
60%
Nacho Libre
56%
No Time to Die
54%
National Treasure
49%
Now You See Me
48%
The Nutty Professor
48%
The NeverEnding Story
42%
The Notebook
42%
Night of the Living Dead
37%
Nightcrawler
33%
Natural Born Killers
30%
Nine
28%
The Nice Guys
27%
No Hard Feelings
20%
Nanny Diaries
13%
Nativity
13%
Nerve
11%
The Nutcracker and the Four Realms
8%
Nancy Drew
6%
National Security
3%
No matching quizzes found
Score Distribution
Percent of People with Each Score
Percentile by Number Answered
Your Score History
You have not taken this quiz